000 00936nam a22002537a 4500
005 20091029105357.0
008 091029t xxu||||| |||| 00| 0 eng d
010 _aENG-95248
020 _a9780070677371
_c395.00
020 _a0070677379
_c395.00
035 _aEN-78781
037 _bDBAD/PUB
040 _aDPL
082 _a658.521
100 _aKhalil, Tarek M.
245 _aManagement of technology :
_cby Tarek M. Khalil
_bthe key to competitiveness and wealth creation
260 _aNew Delhi
_bTata McGraw Hill Education
_c2009
270 _a7, West Patel Nagar
_bNew Delhi
_e110008
300 _axxiii, 483p.
_c23cm.(Pbk)
500 _aIncludes index
650 _aTechnology
_xManagement
942 _2ddc
_cEN
_mKHA
_h658.521
999 _c31133
_d31133